00398 2200157 4500001002100000008004100021035002000062245003800082100001800120260003400138020001700172084001600189082001000205650001200215990001300227INLIS000000000000979 ind  a0010-0120000979 aHantu Penjaga PohoncZeni Nugroho aNugroho, Zeni aSolo :bTiga Serangkai,c2005 aNOISBN-00243 a398.2 NUG h a398.2 aDongeng a11900493